000 00736nam a22001937a 4500
999 _c371259
_d371259
008 201127b ||||| |||| 00| 0 eng d
040 _aDE-2950
_bger
_cDE-2950
_erda
041 _ager
245 _aHunderte bei Telegram-"Spaziergang" in Frankfurt.
_bProtest: Rund 600 Menschen liefen am Montag unangemeldet durch die Innenstadt. Die Polizei prüft Strafanzeige /
_cjw.
264 _c2021
653 _aFrankfurt (Oder)
653 _aProtestdemonstration
653 _aPandemie / Corona
773 _dFrankfurt (Oder) Märkisches Verlags- und Druckhaus GmbH & Co KG
_tMärkische Oderzeitung
_g32. Jahrgang (2021) Nr. 298 vom 21.12.2021, S. 15
942 _cA